Design (Record no. 39648)

MARC details
000 -LEADER
fixed length control field 00388nam a2200121 a 4500
008 - FIXED-LENGTH DATA ELEMENTS--GENERAL INFORMATION
fixed length control field 120416s1988 xx |||||||||||||| || u
050 ## - LIBRARY OF CONGRESS CALL NUMBER
Classification number NK 1505 Clo
100 ## - MAIN ENTRY--PERSONAL NAME
Personal name Cloke, Rena
245 10 - TITLE STATEMENT
Title Design
260 ## - PUBLICATION, DISTRIBUTION, ETC.
Date of publication, distribution, etc. 1988
350 ## - PRICE (NR) (BK AM CF MU VM SE) [OBSOLETE]
Price 0.00
995 ## - RECOMMENDATION 995 [LOCAL, UNIMARC FRANCE]
-- 0.00
-- CBU-MAIN LIBRARY (Kitwe)
-- 1
-- 2.65
-- AVAILABLE
-- Main Library Open Access Collection
Holdings
Withdrawn status Lost status Source of classification or shelving scheme Damaged status Not for loan Home library Current library Shelving location Date acquired Total Checkouts Full call number Barcode Date last seen Price effective from Koha item type
          CBU-MAIN LIBRARY, KITWE. CBU-MAIN LIBRARY, KITWE.   11/30/2022   NK 1505 Clo 019053 11/30/2022 11/30/2022 MONOGRAPH